000 00580nam a22001817a 4500
003 AUA.1
005 20251118164941.0
008 250714b |||||||| |||| 00| 0 eng d
040 _cJTL
100 _aGetteh, Gemane G.
245 _aThe meaning of "tas entolas tou Theou" in Revelation 12:17 and 14:12 :
_bAn exegetical analysis /
_cGemane G. Getteh
260 _cc2024
300 _aix, 167 leaves :
_bIllustrations :
_c30cm.
650 _aTen commandments
690 _aRevelation 12:17
690 _aRevelation 14:12
942 _2aua
_cTHESIS
_hMABTS
_i.G48 2024
999 _c25234
_d25234